The secret of robber's cave (Record no. 135)

MARC details
000 -LEADER
fixed length control field 00555nam a22002297a 4500
001 - CONTROL NUMBER
control field 135
003 - CONTROL NUMBER IDENTIFIER
control field FISKH
005 - DATE AND TIME OF LATEST TRANSACTION
control field 20230228151705.0
008 - FIXED-LENGTH DATA ELEMENTS--GENERAL INFORMATION
fixed length control field 230228b cb ||||| |||| 00| 0 eng d
020 ## - INTERNATIONAL STANDARD BOOK NUMBER
International Standard Book Number 9780439929509
040 ## - CATALOGING SOURCE
Original cataloging agency FISKH
Language of cataloging eng
Transcribing agency FISKH
050 ## - LIBRARY OF CONGRESS CALL NUMBER
Classification number PZ7.G8619
082 ## - DEWEY DECIMAL CLASSIFICATION NUMBER
Classification number 479
100 ## - MAIN ENTRY--PERSONAL NAME
Personal name Gregory, Kristiana
245 ## - TITLE STATEMENT
Title The secret of robber's cave
Statement of responsibility, etc. by Kristiana Gregory
260 ## - PUBLICATION, DISTRIBUTION, ETC.
Place of publication, distribution, etc. New York
Name of publisher, distributor, etc. Scholastic
Date of publication, distribution, etc. 2008
300 ## - PHYSICAL DESCRIPTION
Extent 174 p.
Dimensions 20 cm.
505 ## - FORMATTED CONTENTS NOTE
Formatted contents note K
521 8# - TARGET AUDIENCE NOTE
Target audience note 570
Source Lexile
521 8# - TARGET AUDIENCE NOTE
Target audience note K
Source Raz-Plus
942 ## - ADDED ENTRY ELEMENTS (KOHA)
Source of classification or shelving scheme Dewey Decimal Classification
Koha item type Books
Suppress in OPAC No
Holdings
Withdrawn status Lost status Source of classification or shelving scheme Damaged status Not for loan Collection Home library Current library Shelving location Date acquired Total Checkouts Full call number Barcode Date last seen Price effective from Koha item type
    Dewey Decimal Classification     Juvenile Fiction Footprints International School Library Network Toul Kork Campus Footprints International School Library Network Toul Kork Campus TK Primary Library Room(4th Floor), Bookcase 3&4, Shelves 17-32, Yellow Books 02/28/2023   GRE 479 PZ7.G8619 FISTK00231 02/28/2023 02/28/2023 Books